000 00621nam a2200181Ia 4500
008 090123s9999 xx 000 0 und d
082 _b27658
100 _aफाटक यती
245 _aआजच्या व्यक्ती आणि वल्ली
250 _a1
260 _bश्रध्दा प्रकाशन
_c1997
300 _a118
600 _aफाटक यती
630 _aआजच्या व्यक्ती आणि वल्ली
700 _aफाटक यती
730 _aआजच्या व्यक्ती आणि वल्ली
942 _cBOOK
999 _c66011
_d66011